00697nam a2200217 a 4500003000400000005001700004008004100021020003000062040002600092050001700118100002800135245006800163260004900231300004500280336002600325337002800351338002700379504002000406650002900426700002400455OSt20260211151928.0  a9780199149377 (paperback) aNUSTcNUSTbengdNUST aQA276.12 UPT1 aUpton, Graham.,eAuthor10aAdvanced Maths for AQA :bStatistics/c Graham Upton & Ian Cook. aOxford :bOxford University Press, c©2004. avi, 226 pages :billustrations ;c25 cm. atextbtxt2rdacontent aunmediatedbn2rdamedia avolumebnc2rdacarrier aIncludes index. 1aMathematical statistics. aCook, Ian.,aAuthor